000 00487cam a2200181 4500
008 130206n 000 0 eng u
022 _a00740276
035 _a(Sirsi) a178136
050 _aR108.M4I5
245 _aMemorids do Instituto Oswaldo Cruz
260 _aRio de Janeiro:
_b Instituto Oswaldo,
_c 2009
310 _aMonthly
340 _aPeriodical
362 _aVol.104, nos1-12 (2009)-
650 _aParasitic diseases
650 _aBacteriology
650 _aParasitology
999 _c49329
_d49329